000 00338nam a22001451a 4500
082 _aH301
_bKAM/R
100 _aKamaleshwar
245 _aRaja Nirbansiya/
_cby Kamaleshwar
260 _aNew Delhi:
_bKithabghar,
_c1995.
300 _a110p.
650 _aStories Hindi
650 _aLiterature Hindi
650 _aLiterature
942 _cBK
999 _c37058
_d37058